000 00761nam a2200241Ia 4500
003 OSt
005 20220926005431.0
006 a|||||r|||| 00| 0
007 ta
008 220923b |||||||| |||| 00| 0 eng d
020 _a9788132223963
_c845.75
037 _b812, 20/12/2013, Pranami Book Service
_cGeneral Book
040 _aRTL
_cRTL
_beng
041 _2eng
_aeng
082 _aX:(B28), P4
100 _aWASSERMAN Larry
_9310311
245 0 _aAll of statistics
_b A concise course in statistical inference.
260 _a New Delhi
_bSpringer
_c2004
300 _axix, 442p
_ccm.
650 _aCommerce
942 _hX:(B28), P4
_cGB
_2CC
999 _c613846
_d613846